[Event "Kilkenny Masters"]
[Site "Kilkenny"]
[Date "2023.11.25"]
[Round "2"]
[White "Turner, Matthew"]
[Black "Riff, Jean Noel"]
[Result "1/2-1/2"]
[WhiteElo "2448"]
[BlackElo "2400"]
[PlyCount "28"]
[EventDate "2023.11.24"]
[EventType "swiss"]
[EventRounds "6"]
[EventCountry "IRL"]
[SourceTitle "CB49_2023"]
[SourceDate "2023.12.06"]
[SourceVersion "1"]
[SourceVersionDate "2023.12.06"]
[SourceQuality "1"]

1. d4 d5 2. Nf3 Nf6 3. Bf4 e6 4. e3 Bd6 5. Bg3 0-0 6. c4 c5 7. dxc5 Bxc5 8. Nc3 Nc6 9. Be2 d4 10. exd4 Nxd4 11. 0-0 Nf5 12. Qxd8 Rxd8 13. Rfd1 Bd7 14. Ne5 Nxg3 1/2-1/2

[Event "Titled Tuesday intern op 06th Jun Late"]
[Site "Chess.com INT"]
[Date "2023.06.06"]
[Round "2"]
[White "Livaic, Leon"]
[Black "Riff, Jean Noel"]
[Result "1-0"]
[WhiteElo "2574"]
[BlackElo "2401"]
[PlyCount "85"]
[EventDate "2023.06.06"]
[EventType "swiss (blitz)"]
[EventRounds "11"]
[EventCountry "USA"]
[SourceTitle "EXT 2024"]
[Source "ChessBase"]
[SourceDate "2023.10.10"]
[SourceVersion "1"]
[SourceVersionDate "2023.10.10"]
[SourceQuality "1"]

1. d4 Nf6 2. c4 e6 3. Nf3 d5 4. Nc3 h6 5. g3 Bd6 6. Bg2 0-0 7. 0-0 Nc6 8. b3 dxc4 9. bxc4 e5 10. e3 exd4 11. exd4 Bg4 12. Be3 Re8 13. Rb1 Rb8 14. Qa4 Bf8 15. d5 Bxf3 16. Bxf3 Ne5 17. Bg2 a6 18. c5 Ned7 19. c6 bxc6 20. Rxb8 Qxb8 21. dxc6 Nc5 22. Qc4 Ne6 23. Rb1 Qd8 24. Qxa6 Ng4 25. Rd1 Qb8 26. Qb7 Nxe3 27. fxe3 Bc5 28. Nd5 Qa8 29. Qxa8 Rxa8 30. Bh3 Rxa2 31. Bxe6 fxe6 32. Nxc7 Bxe3+ 33. Kh1 Rc2 34. Rd6 e5 35. Nd5 Bg5 36. c7 Kh7 37. h4 Bf6 38. Rd7 Kg6 39. Nb6 e4 40. c8Q Rxc8 41. Nxc8 e3 42. Kg2 e2 43. Kf2 1-0

[Event "Titled Tuesday intern op 06th Jun Late"]
[Site "Chess.com INT"]
[Date "2023.06.06"]
[Round "1"]
[White "Riff, Jean Noel"]
[Black "Glashausser, Sho"]
[Result "1-0"]
[WhiteElo "2401"]
[BlackElo "1953"]
[PlyCount "47"]
[EventDate "2023.06.06"]
[EventType "swiss (blitz)"]
[EventRounds "11"]
[EventCountry "USA"]
[SourceTitle "EXT 2024"]
[Source "ChessBase"]
[SourceDate "2023.10.10"]
[SourceVersion "1"]
[SourceVersionDate "2023.10.10"]
[SourceQuality "1"]

1. e4 c6 2. d4 d5 3. e5 Bf5 4. h4 h5 5. Bg5 Qb6 6. Bd3 Bxd3 7. Qxd3 e6 8. Nd2 Nh6 9. c4 Nf5 10. Ngf3 Nd7 11. 0-0 Qa6 12. b3 Ba3 13. Rfd1 0-0 14. Nf1 Rac8 15. Ne3 Nxe3 16. Qxe3 Rfe8 17. c5 b6 18. Bf6 Nxf6 19. exf6 gxf6 20. Qh6 bxc5 21. Qxf6 cxd4 22. Qg5+ Kf8 23. Ne5 c5 24. Nd7# 1-0

[Event "SUI-chT"]
[Site "Switzerland"]
[Date "2022.09.17"]
[Round "6.2"]
[White "Willems, Niels"]
[Black "Riff, Jean Noel"]
[Result "1/2-1/2"]
[WhiteElo "2338"]
[BlackElo "2444"]
[PlyCount "60"]
[EventDate "2022.05.01"]
[EventType "team-tourn"]
[EventRounds "9"]
[EventCountry "SUI"]
[SourceTitle "EXT 2023"]
[Source "ChessBase"]
[SourceDate "2022.10.05"]
[SourceVersion "1"]
[SourceVersionDate "2022.10.05"]
[SourceQuality "1"]
[WhiteTeam "Echallens"]
[BlackTeam "Geneve"]
[WhiteTeamCountry "SUI"]
[BlackTeamCountry "SUI"]

1. c4 e6 2. Nc3 d5 3. e3 Nf6 4. Nf3 c5 5. cxd5 exd5 6. d4 a6 7. Be2 Nc6 8. 0-0 Bd6 9. dxc5 Bxc5 10. b3 0-0 11. Bb2 Ba7 12. Rc1 Re8 13. h3 Bf5 14. Na4 Qd6 15. Bxf6 Qxf6 16. Nc5 Be4 17. Nxb7 d4 18. exd4 Nxd4 19. Nxd4 Bxd4 20. Bf3 Qb6 21. Rc4 Bxf2+ 22. Rxf2 Bxb7 23. Bxb7 Qxb7 24. Qf3 Qxf3 25. Rxf3 Re7 26. Rfc3 f6 27. Rc8+ Rxc8 28. Rxc8+ Kf7 29. Kf2 Re6 30. b4 f5 1/2-1/2

[Event "FRA-chT Top 16 GpB"]
[Site "Chartres"]
[Date "2022.06.13"]
[Round "5.2"]
[White "Riff, Jean Noel"]
[Black "Roubert, Emile"]
[Result "1-0"]
[WhiteElo "2451"]
[BlackElo "2027"]
[PlyCount "59"]
[EventDate "2022.06.09"]
[EventType "team-tourn"]
[EventRounds "7"]
[EventCountry "FRA"]
[SourceTitle "CBM 208 Extra"]
[Source "ChessBase"]
[SourceDate "2022.07.31"]
[SourceVersion "1"]
[SourceVersionDate "2022.07.31"]
[SourceQuality "1"]
[WhiteTeam "Mulhouse Philidor"]
[BlackTeam "Agen"]
[WhiteTeamCountry "FRA"]
[BlackTeamCountry "FRA"]

1. e4 e5 2. Nf3 Nc6 3. Bb5 a6 4. Ba4 Nf6 5. 0-0 b5 6. Bb3 Bb7 7. d3 Bd6 8. a4 0-0 9. c3 h6 10. Nh4 Na5 11. Ba2 c5 12. Qf3 Nxe4 13. Nf5 Ng5 14. Qg4 Qf6 15. h4 Nh7 16. Bxh6 g6 17. Nxd6 Qxd6 18. Bxf8 Nxf8 19. axb5 axb5 20. Na3 Qb6 21. Rfe1 Re8 22. d4 cxd4 23. cxd4 e4 24. d5 b4 25. Nc4 Nxc4 26. Bxc4 Qd4 27. b3 d6 28. Rad1 Qe5 29. f3 Bc8 30. Qxe4 1-0

[Event "BL2-Sued 2122"]
[Site "Germany"]
[Date "2022.05.01"]
[Round "4.4"]
[White "Gschnitzer, Oswald"]
[Black "Riff, Jean Noel"]
[Result "1/2-1/2"]
[WhiteElo "2366"]
[BlackElo "2445"]
[PlyCount "24"]
[EventDate "2022.03.05"]
[EventType "team-tourn"]
[EventRounds "10"]
[EventCountry "GER"]
[SourceTitle "EXT 2023"]
[Source "ChessBase"]
[SourceDate "2022.10.05"]
[SourceVersion "1"]
[SourceVersionDate "2022.10.05"]
[SourceQuality "1"]
[WhiteTeam "Walldorf"]
[BlackTeam "Baden-Baden II"]
[WhiteTeamCountry "GER"]
[BlackTeamCountry "GER"]

1. d4 Nf6 2. Nf3 e6 3. c4 d5 4. Nc3 Be7 5. Bg5 h6 6. Bxf6 Bxf6 7. e3 0-0 8. Qd2 dxc4 9. Bxc4 c5 10. dxc5 Nd7 11. Ne4 Be7 12. c6 bxc6 1/2-1/2

[Event "BL2-Sued 2122"]
[Site "Germany"]
[Date "2022.04.30"]
[Round "3.4"]
[White "Riff, Jean Noel"]
[Black "Ollenberger, Roland"]
[Result "1-0"]
[WhiteElo "2445"]
[BlackElo "2266"]
[PlyCount "97"]
[EventDate "2022.03.05"]
[EventType "team-tourn"]
[EventRounds "10"]
[EventCountry "GER"]
[SourceTitle "EXT 2023"]
[Source "ChessBase"]
[SourceDate "2022.10.05"]
[SourceVersion "1"]
[SourceVersionDate "2022.10.05"]
[SourceQuality "1"]
[WhiteTeam "Baden-Baden II"]
[BlackTeam "Worms"]
[WhiteTeamCountry "GER"]
[BlackTeamCountry "GER"]

1. e4 e5 2. Nf3 Nc6 3. Bb5 a6 4. Ba4 Nf6 5. 0-0 b5 6. Bb3 Be7 7. Re1 0-0 8. d3 d6 9. c3 Na5 10. Bc2 c5 11. Nbd2 Nc6 12. Nf1 Be6 13. h3 Re8 14. a4 b4 15. d4 cxd4 16. cxd4 exd4 17. Nxd4 Nxd4 18. Qxd4 b3 19. Bd1 Nd7 20. Bf4 Nc5 21. Ng3 Bf6 22. Qd2 g6 23. Bf3 Be5 24. Red1 Qf6 25. Bxe5 dxe5 26. Qa5 Rec8 27. Rac1 Qe7 28. Nf1 Qc7 29. Rxc5 Qxc5 30. Rd8+ Kg7 31. Qxc5 Rxc5 32. Rxa8 Ra5 33. Bg4 Bxg4 34. hxg4 Rxa4 35. Rb8 Rxe4 36. Ne3 a5 37. Rxb3 a4 38. Rb5 f6 39. Kf1 Kh6 40. Rb7 Kg5 41. Rxh7 Rb4 42. Ra7 Rxb2 43. Rxa4 Rd2 44. g3 Rb2 45. Kg2 Rd2 46. Nf1 Re2 47. Nh2 Kh6 48. Kf1 Rb2 49. Nf3 1-0

[Event "BL2-Sued 2122"]
[Site "Germany"]
[Date "2022.03.06"]
[Round "2.5"]
[White "Mueller, Ralf1111"]
[Black "Riff, Jean Noel"]
[Result "1/2-1/2"]
[WhiteElo "2341"]
[BlackElo "2445"]
[PlyCount "22"]
[EventDate "2022.03.05"]
[EventType "team-tourn"]
[EventRounds "10"]
[EventCountry "GER"]
[SourceTitle "EXT 2023"]
[Source "ChessBase"]
[SourceDate "2022.10.05"]
[SourceVersion "1"]
[SourceVersionDate "2022.10.05"]
[SourceQuality "1"]
[WhiteTeam "Boeblingen"]
[BlackTeam "Baden-Baden II"]
[WhiteTeamCountry "GER"]
[BlackTeamCountry "GER"]

1. d4 Nf6 2. c4 e6 3. Nf3 d5 4. g3 Bd6 5. Nc3 0-0 6. Bg2 Nc6 7. 0-0 dxc4 8. Qa4 e5 9. dxe5 Nxe5 10. Nxe5 Bxe5 11. Qxc4 c6 1/2-1/2

[Event "SUI-chT"]
[Site "Switzerland"]
[Date "2021.12.11"]
[Round "8.4"]
[White "Froewis, Georg"]
[Black "Riff, Jean Noel"]
[Result "0-1"]
[WhiteElo "2453"]
[BlackElo "2483"]
[PlyCount "80"]
[EventDate "2021.08.29"]
[EventType "team-tourn"]
[EventRounds "9"]
[EventCountry "SUI"]
[SourceTitle "EXT 2023"]
[Source "ChessBase"]
[SourceDate "2022.10.05"]
[SourceVersion "1"]
[SourceVersionDate "2022.10.05"]
[SourceQuality "1"]
[WhiteTeam "Luzern"]
[BlackTeam "Geneve"]
[WhiteTeamCountry "SUI"]
[BlackTeamCountry "SUI"]

1. c4 e5 2. Nc3 Nf6 3. Nf3 Nc6 4. e3 Be7 5. a3 0-0 6. Qc2 d5 7. cxd5 Nxd5 8. Be2 Be6 9. d3 f5 10. 0-0 Kh8 11. Bd2 Qe8 12. b4 a6 13. Nxd5 Bxd5 14. Bc3 Qg6 15. g3 Bd6 16. Nh4 Qf7 17. Nxf5 Qxf5 18. e4 Qf7 19. exd5 Nd4 20. Bxd4 exd4 21. Qc4 b5 22. Qxd4 Rae8 23. Rae1 Be5 24. Qc5 Qf6 25. Qc6 Qxc6 26. dxc6 Bc3 27. Rc1 Bd2 28. Bh5 Bxc1 29. Rxc1 g6 30. Bg4 h5 31. Bh3 Re2 32. d4 Rfxf2 33. d5 Rc2 34. Re1 Rfd2 35. Re8+ Kg7 36. Rd8 Rc1+ 37. Bf1 Rdd1 38. Kg2 Rxf1 39. d6 cxd6 40. c7 Rf8 0-1

[Event "Baden-Baden Swiss 1st"]
[Site "Baden-Baden"]
[Date "2021.09.10"]
[Round "2"]
[White "Riff, Jean Noel"]
[Black "Koellner, Aaron Noah"]
[Result "1-0"]
[WhiteElo "2463"]
[BlackElo "2191"]
[PlyCount "85"]
[EventDate "2021.09.09"]
[EventType "swiss"]
[EventRounds "9"]
[EventCountry "GER"]
[SourceTitle "CBM 204 Extra"]
[Source "ChessBase"]
[SourceDate "2021.11.30"]
[SourceVersion "1"]
[SourceVersionDate "2021.11.30"]
[SourceQuality "1"]

1. e4 c5 2. Nf3 e6 3. d4 cxd4 4. Nxd4 Nc6 5. Nc3 Qc7 6. Be2 a6 7. Nxc6 bxc6 8. Qd3 Bd6 9. Be3 Nf6 10. Rd1 Be5 11. Bd4 Rb8 12. b3 Rb4 13. Bxe5 Qxe5 14. Bf3 Nxe4 15. Nxe4 f5 16. Qd2 Rxe4+ 17. Bxe4 Qxe4+ 18. Kf1 0-0 19. f3 Qh4 20. Qd4 f4 21. c4 Qg5 22. Kf2 Rf6 23. Qb6 Rf8 24. Rhe1 h5 25. Kg1 h4 26. h3 Kh7 27. Qd4 Rf6 28. Re5 Qg3 29. Qf2 Qxf2+ 30. Kxf2 d5 31. Rh5+ Rh6 32. Rxh6+ Kxh6 33. cxd5 exd5 34. Rc1 Bd7 35. Ke2 Kg5 36. Kd3 Kf6 37. Kd4 g5 38. Kc5 Bf5 39. Re1 a5 40. Kxc6 d4 41. Kc5 d3 42. Kd4 d2 43. Rd1 1-0

[Event "SUI-chT"]
[Site "Switzerland"]
[Date "2021.08.29"]
[Round "1.1"]
[White "Riff, Jean Noel"]
[Black "Noe, Christopher"]
[Result "1/2-1/2"]
[WhiteElo "2483"]
[BlackElo "2529"]
[PlyCount "62"]
[EventDate "2021.08.29"]
[EventType "team-tourn"]
[EventRounds "9"]
[EventCountry "SUI"]
[SourceTitle "CBM 204 Extra"]
[Source "ChessBase"]
[SourceDate "2021.11.30"]
[SourceVersion "1"]
[SourceVersionDate "2021.11.30"]
[SourceQuality "1"]
[WhiteTeam "Geneve"]
[BlackTeam "Trubschachen"]
[WhiteTeamCountry "SUI"]
[BlackTeamCountry "SUI"]

1. e4 c6 2. d4 d5 3. Nc3 dxe4 4. Nxe4 Nf6 5. Nxf6+ gxf6 6. Nf3 Bg4 7. c3 Qc7 8. h3 Bh5 9. Be2 Nd7 10. Nh4 Bg6 11. Nxg6 hxg6 12. Be3 e6 13. Qc2 0-0-0 14. 0-0-0 Nb6 15. Kb1 Bh6 16. Rhe1 Bxe3 17. fxe3 e5 18. Bf3 Rhe8 19. Qf2 Rd6 20. g4 Qe7 21. h4 exd4 22. exd4 Re6 23. Rxe6 Qxe6 24. h5 f5 25. Qg3 Qe3 26. gxf5 gxh5 27. Qg2 h4 28. f6 Qf4 29. Rf1 Qg3 30. Qxg3 hxg3 31. Rg1 Nd7 1/2-1/2

[Event "Famalicao op 8th"]
[Site "Vila Nova de Famalicao"]
[Date "2021.07.29"]
[Round "7"]
[White "Riff, Jean Noel"]
[Black "Fier, Alexandr"]
[Result "0-1"]
[WhiteElo "2499"]
[BlackElo "2569"]
[PlyCount "44"]
[EventDate "2021.07.26"]
[EventType "swiss"]
[EventRounds "9"]
[EventCountry "POR"]
[SourceTitle "CBM 203 Extra"]
[Source "ChessBase"]
[SourceDate "2021.09.30"]
[SourceVersion "1"]
[SourceVersionDate "2021.09.30"]
[SourceQuality "1"]

1. e4 c5 2. Nf3 d6 3. d4 cxd4 4. Nxd4 Nf6 5. Nc3 a6 6. Be3 e6 7. g4 e5 8. Nf5 h5 9. Bg5 hxg4 10. Nd5 Bxf5 11. Bxf6 gxf6 12. exf5 Nd7 13. Bg2 Rc8 14. c3 Bh6 15. h4 Nb6 16. Qb3 Nxd5 17. Bxd5 Qd7 18. Bxb7 Rb8 19. Bc6 Qxc6 20. Qxb8+ Ke7 21. Qa7+ Kf8 22. 0-0 Bf4 0-1

[Event "Famalicao op 8th"]
[Site "Vila Nova de Famalicao"]
[Date "2021.07.28"]
[Round "5"]
[White "Riff, Jean Noel"]
[Black "Monteiro, Paulo Alexandre G"]
[Result "1-0"]
[WhiteElo "2499"]
[BlackElo "2023"]
[PlyCount "63"]
[EventDate "2021.07.26"]
[EventType "swiss"]
[EventRounds "9"]
[EventCountry "POR"]
[SourceTitle "CBM 203 Extra"]
[Source "ChessBase"]
[SourceDate "2021.09.30"]
[SourceVersion "1"]
[SourceVersionDate "2021.09.30"]
[SourceQuality "1"]

1. e4 e6 2. d4 d5 3. Nc3 Bb4 4. e5 c5 5. Bd2 Ne7 6. a3 Bxc3 7. Bxc3 b6 8. Bb5+ Nd7 9. f4 0-0 10. Nf3 cxd4 11. Nxd4 Nc5 12. 0-0 Ne4 13. Be1 Bd7 14. Bd3 Nc6 15. Nf3 Ne7 16. Qe2 Bc6 17. Rd1 Qc7 18. Bb4 Rfe8 19. Bxe7 Qxe7 20. Nd4 Rec8 21. c3 Ba4 22. Rde1 Nc5 23. f5 Nxd3 24. Qxd3 Qc5 25. Kh1 Bd7 26. f6 g6 27. Rf3 Qf8 28. Rh3 h6 29. Ree3 Rc4 30. Reg3 Kh7 31. Rxh6+ Qxh6 32. Rh3 1-0

[Event "Benasque op 40th"]
[Site "Benasque"]
[Date "2021.07.08"]
[Round "4"]
[White "Riff, Jean Noel"]
[Black "Lagarde, Maxime"]
[Result "0-1"]
[WhiteElo "2499"]
[BlackElo "2648"]
[PlyCount "88"]
[EventDate "2021.07.05"]
[EventType "swiss"]
[EventRounds "10"]
[EventCountry "ESP"]
[SourceTitle "CBM 203 Extra"]
[Source "ChessBase"]
[SourceDate "2021.09.30"]
[SourceVersion "1"]
[SourceVersionDate "2021.09.30"]
[SourceQuality "1"]

1. e4 c5 2. Nf3 d6 3. d4 cxd4 4. Nxd4 Nf6 5. Nc3 a6 6. Be2 e5 7. Nb3 Be7 8. 0-0 0-0 9. Kh1 Nbd7 10. a4 b6 11. Be3 Bb7 12. f3 Rc8 13. Rf2 Rc7 14. Bf1 Qa8 15. Rd2 Rfc8 16. Qe2 Rxc3 17. bxc3 d5 18. exd5 Rxc3 19. Bd4 Rc8 20. Bxe5 Re8 21. c4 Bb4 22. f4 Nxe5 23. fxe5 Bc3 24. Re1 Rxe5 25. Qxe5 Bxe5 26. Rxe5 Qd8 27. Rde2 g6 28. Nd4 Qc7 29. Re1 Ng4 30. Re8+ Kg7 31. Nf3 Nf2+ 32. Kg1 Qc5 33. h3 b5 34. axb5 axb5 35. R1e7 Ne4+ 36. Kh2 Nd6 37. Rxb7 bxc4 38. Rbb8 Nxe8 39. Rxe8 c3 40. Bd3 Qc7+ 41. Kh1 c2 42. Bxc2 Qxc2 43. Re5 Qd1+ 44. Kh2 Kf6 0-1

[Event "FRA-chT Top 12"]
[Site "Chalons en Champagne"]
[Date "2021.06.30"]
[Round "7.5"]
[White "Riff, Jean Noel"]
[Black "Hirth, Julien"]
[Result "1-0"]
[WhiteElo "2499"]
[BlackElo "2048"]
[PlyCount "65"]
[EventDate "2021.06.24"]
[EventType "team-tourn"]
[EventRounds "11"]
[EventCountry "FRA"]
[SourceTitle "CBM 203 Extra"]
[Source "ChessBase"]
[SourceDate "2021.09.30"]
[SourceVersion "1"]
[SourceVersionDate "2021.09.30"]
[SourceQuality "1"]
[WhiteTeam "Mulhouse Philidor"]
[BlackTeam "Paris Club 608"]
[WhiteTeamCountry "FRA"]
[BlackTeamCountry "FRA"]

1. e4 d6 2. Nc3 Nf6 3. f4 e5 4. Nf3 Be7 5. Bc4 exf4 6. d3 0-0 7. Bxf4 Nc6 8. 0-0 Na5 9. Bb3 Nxb3 10. axb3 c6 11. Qd2 d5 12. e5 Ne8 13. Qf2 Nc7 14. Be3 b6 15. Ne2 Bd7 16. Qg3 Ne6 17. Ned4 Nxd4 18. Nxd4 Bc5 19. b4 Bxd4 20. Bxd4 Be6 21. Be3 Kh8 22. Rf4 Qc7 23. Raf1 c5 24. bxc5 bxc5 25. Qg5 d4 26. Bd2 f6 27. exf6 gxf6 28. Rxf6 Rg8 29. Qh5 Qb7 30. g3 Qd5 31. Qxd5 Bxd5 32. R6f5 Rad8 33. Bg5 1-0

[Event "EU-Cup Online Gr-B"]
[Site "Tornelo INT"]
[Date "2021.03.28"]
[Round "7.4"]
[White "Riff, Jean Noel"]
[Black "Veinberg, Nimrod"]
[Result "1-0"]
[WhiteElo "2499"]
[BlackElo "2404"]
[PlyCount "105"]
[EventDate "2021.03.27"]
[EventType "team-tourn (rapid)"]
[EventRounds "9"]
[EventCountry "NET"]
[SourceTitle "CBM 201 Extra"]
[Source "ChessBase"]
[SourceDate "2021.05.31"]
[SourceVersion "1"]
[SourceVersionDate "2021.05.31"]
[SourceQuality "1"]
[WhiteTeam "Geneve"]
[BlackTeam "Tsafrir Rehovot"]
[WhiteTeamCountry "SUI"]
[BlackTeamCountry "ISR"]

1. e4 e5 2. Nf3 Nc6 3. Bb5 a6 4. Ba4 Nf6 5. 0-0 Be7 6. Re1 b5 7. Bb3 d6 8. c3 0-0 9. h3 Bb7 10. d4 Re8 11. Nbd2 Bf8 12. Bc2 Nb8 13. a4 Nbd7 14. Bd3 c5 15. axb5 axb5 16. Rxa8 Qxa8 17. Bxb5 exd4 18. cxd4 Bxe4 19. dxc5 Bxf3 20. Rxe8 Qxe8 21. Nxf3 dxc5 22. Bg5 Qe6 23. b3 Ne5 24. Bf4 Nxf3+ 25. Qxf3 Qe1+ 26. Kh2 Qe4 27. Qxe4 Nxe4 28. Be3 Bd6+ 29. g3 Kf8 30. Kg2 Ke7 31. Kf3 Nf6 32. Bc4 Nd7 33. Ke4 Nf6+ 34. Kd3 Nd7 35. Bb5 Nf6 36. Kc4 Kd8 37. Bc6 Kc7 38. Bd5 Nd7 39. Kb5 f6 40. f4 g5 41. Be6 gxf4 42. gxf4 Nf8 43. f5 Nxe6 44. fxe6 f5 45. Bxc5 Bg3 46. Kc4 f4 47. b4 f3 48. Kd3 Kc6 49. b5+ Kc7 50. b6+ Kc6 51. e7 Kd7 52. b7 f2 53. Bxf2 1-0